| 000 | 01053nam a22002417a 4500 | ||
|---|---|---|---|
| 001 | 5796 | ||
| 003 | FISKH | ||
| 005 | 20250122160831.0 | ||
| 008 | 250122b cb ||||| |||| 00| 0 eng d | ||
| 020 | _a9781880892817 | ||
| 040 |
_aFISKH _beng _cFISKH _dFISKH |
||
| 050 | _aLB1575.587 | ||
| 082 | _a372.4 | ||
| 100 | _aStrayer, Debbie | ||
| 245 |
_aLearning language arts through literature : _bThe blue book / _cBy Debbie Strayer and Susan Simpson |
||
| 260 |
_aMelrose : _bCommon Sense Press , _c1998. |
||
| 300 |
_a194 pages : _billustrations ; _c28 cm . |
||
| 520 | _aEasy to use format - bigger, better, and more complete. Contains book studies, spelling word lists and instructions, reviews and assessments. Integrates all the language arts skills: Reading, spelling, grammar, higher-order reasoning skills and creative writing. Teacher notes are right in the margin. Based upon the teaching ideas of Dr. Ruth Beechick." | ||
| 650 |
_alanguage arts _vnon-fiction |
||
| 700 |
_aSimpson, Susan _eauthor |
||
| 942 |
_2ddc _cBK _n0 |
||
| 999 |
_c5796 _d5796 |
||